ბათუმის შოთა რუსთაველის სახელმწიფო უნივერსიტეტის ბიბლიოთეკა

მასალათა გამძლეობა . I ნაწ: ლექციების კონსპექტი / (ბიბ.ჩანაწერი № 56941)

000 -ლიდერი
ფიქსირებული სიგრძის საკონტროლო ველი 00962nam a22002177a 4500
003 - საკონტროლო ნომრის იდენტიფიკატორი
საკონტროლო ველი Ge_BSU
005 - ბოლო ოპერაციის თარიღი და დრო
საკონტროლო ველი 20190701180905.0
008 - ფიქსირებული სიგრძის მონაცემთა ელემენტები - ზოგადი ინფორმაცია
ფიქსირებული სიგრძის საკონტროლო ველი 190701s1993 ||||| |||| 00| 0 geo d
041 ## - ენის კოდი
Language code of text/sound track or separate title geo
080 ## - უნივერსალური ათობითი კლასიფიკაციის ინდექსი
Universal Decimal Classification number 620.1:539.4(042.4) დ-19
100 ## - მთავარი ჩანაწერი - პიროვნების სახელი
Personal name დანელია,დ.
9 (RLIN) 2116
245 ## - ცნობა სათაურის შესახებ
Title მასალათა გამძლეობა . I ნაწ: ლექციების კონსპექტი /
Statement of responsibility, etc დ.დანელია ; ნ. მურღულია ; გ.აფხაზავა ; რედ : ც.არსენიძე.
264 ## - წარმოების, გამოცემის, დისტრიბუციის და სხვა ცნობები
გამოცემის, წარმოების, დისტრიბუციის... ადგილი თბილისი :
გამოცემის, წარმოების, დისტრიბუციის... სახელწოდება სტუ,
გამოცემის, წარმოების, დისტრიბუციის... თარიღი 1993.
300 ## - ფიზიკური აღწერა
Extent 71 გვ .:
Dimensions 20 სმ.
653 ## - INDEX TERM--UNCONTROLLED
Uncontrolled term მასალათა გამძლეობა
653 ## - INDEX TERM--UNCONTROLLED
Uncontrolled term ტექნიკა
700 ## - ADDED ENTRY--PERSONAL NAME
Personal name მურღულია, ნ
9 (RLIN) 525
700 ## - ADDED ENTRY--PERSONAL NAME
Personal name ხაზალია, გ
9 (RLIN) 1890
700 ## - ADDED ENTRY--PERSONAL NAME
Personal name არსენიძე, ც
Relator term რედაქტორი
9 (RLIN) 1557
942 ## - ADDED ENTRY ELEMENTS (KOHA)
Source of classification or shelving scheme
Koha item type წიგნი
ეგზემპლარები
ჩამოწერის სტატუსი დაკარგული ეგზემპლარის სტატუსი კლასიფიკაციის წყარო ან თაროზე გაწყობის სქემა დაზიანების სტატუსი არ გაიცემა მუდმივი მდებარეობა (დაცვის ადგილი) ამჟამინდელი ადგილსამყოფელი თაროზე განთავსების ადგილი შეძენის თარიღი ღირებულება, შესყიდვის ნორმალური ფასი სრული შენახვის შიფრი შტრიხკოდი ბოლო ოპერაციის თარიღი ეგზემპლარის მიმდევრობითი ნომერი (კეტერი?) ფასის ძალაში შესვლის თარიღი ეგზემპლარის სახეობა საჯარო შენიშვნა
          ტექნოლოგიური ფაკულტეტის ბიბლიოთეკა ტექნოლოგიური ფაკულტეტის ბიბლიოთეკა წიგნსაცავი 2019-07-01 2.00 620.1:539.4(042.4) დ-19 11222 2019-07-01 11222 2019-07-01 წიგნი 2 ლ.
          ტექნოლოგიური ფაკულტეტის ბიბლიოთეკა ტექნოლოგიური ფაკულტეტის ბიბლიოთეკა წიგნსაცავი 2019-07-01 2.00 620.1:539.4(042.4) დ-19 11223 2019-07-01 11223 2019-07-01 წიგნი 2 ლ.
          ტექნოლოგიური ფაკულტეტის ბიბლიოთეკა ტექნოლოგიური ფაკულტეტის ბიბლიოთეკა წიგნსაცავი 2019-07-01 2.00 620.1:539.4(042.4) დ-19 11224 2019-07-01 11224 2019-07-01 წიგნი 2 ლ.
          ტექნოლოგიური ფაკულტეტის ბიბლიოთეკა ტექნოლოგიური ფაკულტეტის ბიბლიოთეკა წიგნსაცავი 2019-07-01 2.00 620.1:539.4(042.4) დ-19 11225 2019-07-01 11225 2019-07-01 წიგნი 2 ლ.
          ტექნოლოგიური ფაკულტეტის ბიბლიოთეკა ტექნოლოგიური ფაკულტეტის ბიბლიოთეკა წიგნსაცავი 2019-07-01 2.00 620.1:539.4(042.4) დ-19 11226 2019-07-01 11226 2019-07-01 წიგნი 2 ლ.
          ტექნოლოგიური ფაკულტეტის ბიბლიოთეკა ტექნოლოგიური ფაკულტეტის ბიბლიოთეკა წიგნსაცავი 2019-07-01 2.00 620.1:539.4(042.4) დ-19 11227 2019-07-01 11227 2019-07-01 წიგნი 2 ლ.
          ტექნოლოგიური ფაკულტეტის ბიბლიოთეკა ტექნოლოგიური ფაკულტეტის ბიბლიოთეკა წიგნსაცავი 2019-07-01 2.00 620.1:539.4(042.4) დ-19 11228 2019-07-01 11228 2019-07-01 წიგნი 2 ლ.
          ტექნოლოგიური ფაკულტეტის ბიბლიოთეკა ტექნოლოგიური ფაკულტეტის ბიბლიოთეკა წიგნსაცავი 2019-07-01 2.00 620.1:539.4(042.4) დ-19 11230 2019-07-01 11230 2019-07-01 წიგნი 2 ლ.